<?xml version="1.0" encoding="UTF-8"?>
<record
    xmlns:xsi="http://www.w3.org/2001/XMLSchema-instance"
    xsi:schemaLocation="http://www.loc.gov/MARC21/slim http://www.loc.gov/standards/marcxml/schema/MARC21slim.xsd"
    xmlns="http://www.loc.gov/MARC21/slim">

  <leader>00346    a2200109   4500</leader>
  <controlfield tag="001">ART_6791</controlfield>
  <controlfield tag="005">20260410161719.0</controlfield>
  <controlfield tag="008">260409a                                 </controlfield>
  <datafield tag="245" ind1="1" ind2="0">
    <subfield code="a">Informaci&#xF3;n , Teor&#xED;a Cient&#xED;fica y Normas Contables</subfield>
  </datafield>
  <datafield tag="100" ind1="1" ind2=" ">
    <subfield code="a">L&#xF3;pes de Sa, Antonio</subfield>
  </datafield>
  <datafield tag="773" ind1="0" ind2=" ">
    <subfield code="t">Contabilidad y auditor&#xED;a</subfield>
    <subfield code="g">- A&#xF1;o 3, N&#xBA; 6 (oct. 1997)</subfield>
    <subfield code="w">REV1723</subfield>
  </datafield>
  <datafield tag="999" ind1=" " ind2=" ">
    <subfield code="c">16806</subfield>
    <subfield code="d">16806</subfield>
  </datafield>
</record>
